000 00647cam a22002411 4500
001 6091436
005 20180918042131.0
008 740207s1962 paua b 000 0 eng
010 _a 61014308
015 _aGB62-2397
035 _a(OCoLC)792994
040 _aDLC
_cOTMC
_dOCoLC
_dUk
_dDLC
041 _aeng
042 _apremarc
080 _a616.99 GRA
082 _a616.99 GRA
100 1 _a6
101 _aKAN
245 1 0 _aCarcinoma of the cervix
_c[by] John B. Graham, Luciano S. J. Sotto [and] Frank P. Paloucek.
504 _aIncludes bibliography.
906 _a7
_bcbc
_coclcrpl
_du
_encip
_f19
_gy-gencatlg
942 _2ddc
_cBK
999 _c47890
_d47890